000 01543nam a22001697a 4500
003 SGT
020 _a9789339205362
082 _a658.1599,APT
100 _aAPTE,P.G
245 _aINTERNATIONAL FINANCIAL MANAGEMENT
250 _a7TH
260 _aNEW DELHI
_bTMH
_c2015
300 _a762
650 _aINTERNATIONAL FINANCIAL MANAGEMENT
653 _aCHAPTER 1: FINANCIAL MANAGEMENT IN A GLOBAL CONTEXT CHAPTER 2: OBJECTIVES OF THE FIRM AND THE IMPACT OF RISK CHAPTER 3: THE NATURE AND MEASUREMENT OF EXPOSURE AND RISK CHAPTER 4: THE BALANCE OF PAYMENTS CHAPTER 5: THE INTERNATIONAL MONETARY SYSTEM CHAPTER 6: GLOBAL FINANCIAL MARKETS AND INTEREST RATES CHAPTER 7: THE FOREIGN EXCHANGE MARKET CHAPTER 8: FORWARDS, SWAPS AND INTEREST PARITY CHAPTER 9: CURRENCY AND INTEREST RATE FUTURES CHAPTER 10: CURRENCY OPTIONS CHAPTER 11: EXCHANGE RATE DETERMINATION AND FORECASTING CHAPTER 12: CORPORATE EXPOSURE MANAGEMENT POLICY CHAPTER 13: HEDGING, SPECULATION AND MANAGEMENT OF TRANSACTIONS EXPOSURE CHAPTER 14: MANAGEMENT OF OPERATING EXPOSURE CHAPTER 15: MANAGEMENT OF INTEREST RATE EXPOSURE FRAS, INTEREST RATE CAPS AND FLOORS CHAPTER 16: FINANCIAL SWAPS AND CREDIT DERIVATIVES CHAPTER 17: SHORT-TERM FINANCIAL MANAGEMENT IN A MULTINATIONAL CORPORATION CHAPTER 18: INTERNATIONAL EQUITY INVESTMENT CHAPTER 19: LONG-TERM BORROWING IN THE GLOBAL CAPITAL MARKETS CHAPTER 20: INTERNATIONAL PROJECT APPRAISAL CHAPTER 21: ACCOUNTING IMPLICATIONS OF INTERNATIONAL ACTIVITIES CHAPTER 22: TAX IMPLICATIONS OF INTERNATIONAL ACTIVITIES"
942 _2ddc
_cFCM
999 _c9033
_d9033